Bytový dom

Salvato in:
Dettagli Bibliografici
Autore principale: Kulcsár, Imre (Autore)
Altri autori: Bosák, Lukáš (Relatore della tesi)
Natura: Manoscritto Libro
Lingua:slovacco
Pubblicazione: 2023
Soggetti:
Accesso online:http://is.stuba.sk/zp/portal_zp.pl?podrobnosti=156903
https://opac.crzp.sk/?fn=detailBiblioForm&sid=D51643D01657CDEC2995B4F06848
Tags: Aggiungi Tag
Nessun Tag, puoi essere il primo ad aggiungerne!!

MARC

LEADER 00000ntm a22000003a 4500
001 stuzp93838
003 SK-STU
005 20230919101813.6
007 ta
008 150427s2015----xo-----f-mn---000-0-slo-d
040 |a STU  |b slo 
041 0 |a slo 
100 1 |a Kulcsár, Imre  |u 010180  |4 aut  |U SvF Stavebná fakulta  |T SvF Katedra konštrukcií pozemných stavieb  |X 104647  |U V180  |Y 18  |7 104647 
242 0 1 |a Apartment building  |y eng 
245 1 0 |a Bytový dom 
260 |c 2023 
650 4 |a bytový dom,  |2 slo 
650 4 |a keramické tvárnice  |2 slo 
650 4 |a novostavba  |2 slo 
650 4 |a new building  |2 eng 
650 4 |a apartment building  |2 eng 
650 4 |a ceramic blocks,  |2 eng 
700 1 |a Bosák, Lukáš  |u 010180  |k Z1  |4 ths  |U SvF Stavebná fakulta  |T SvF Katedra konštrukcií pozemných stavieb  |X 57762  |U V180  |Y 18  |7 A000057762 
856 4 |u http://is.stuba.sk/zp/portal_zp.pl?podrobnosti=156903 
856 4 |u https://opac.crzp.sk/?fn=detailBiblioForm&sid=D51643D01657CDEC2995B4F06848